SDGs 17の目標 - Statistics

General Stats
  • This quiz has been taken 113 times
  • The average score is 6 of 17
Answer Stats
番号 目標 % Correct
1 貧困をなくそう
77%
14 海の豊かさを守ろう
59%
15 陸の豊かさも守ろう
51%
2 飢餓をゼロに
48%
12 つくる責任 つかう責任
46%
17 パートナーシップで目標を達成しよう
42%
5 ジェンダー平等を実現しよう
37%
8 働きがいも経済成長も
35%
4 質の高い教育をみんなに
31%
6 安全な水とトイレを世界中に
27%
11 住み続けられるまちづくりを
21%
13 気候変動に具体的な対策を
20%
16 平和と公正をすべての人に
19%
3 すべての人に健康と福祉を
15%
9 産業と技術革新の基盤をつくろう
10%
10 人や国の不平等をなくそう
8%
7 エネルギーをみんなに、そしてクリーンに
7%
No matching quizzes found
Score Distribution
Percent of People with Each Score
Percentile by Number Answered
Your Score History
You have not taken this quiz